| 000 | 00504cam a2200169 a 4500 | ||
|---|---|---|---|
| 001 | 000008261 | ||
| 005 | 20200929161323.0 | ||
| 008 | 840627s1973 bl 000 f por | ||
| 040 |
_aDO-SdBNP _cspa _dBNPHU |
||
| 082 |
_aBr869.3 _bA848q |
||
| 100 | 1 |
_aAssis, Machado de, _d1839-1908. _922389 |
|
| 245 | 1 | 0 |
_aQuincas Borba / _cMarchado de Assis. |
| 260 |
_a[Sao Paulo] : _bMelhoramentos, _c[1973]. |
||
| 300 |
_a248 p. ; _c20 cm. |
||
| 650 | 4 |
_aNovela brazileƱa _922390 |
|
| 650 | 4 |
_aLiteratura brazileƱa _95281 |
|
| 999 |
_c8032 _d8032 |
||